| 000 | 01791nam a2200481 i 4500 | ||
|---|---|---|---|
| 001 | 78088 | ||
| 003 | 0 | ||
| 005 | 20241217151432.0 | ||
| 006 | m o u | ||
| 007 | cr cn||||||||| | ||
| 008 | 200110s2013 sp ob 000 0 spa d | ||
| 020 | _z9788499400792 | ||
| 020 |
_a9788499406657 _q(e-book) |
||
| 035 | _a(OCoLC)1139492018 | ||
| 040 |
_aFINmELB _bspa _erda _cFINmELB |
||
| 050 | 1 | 4 |
_aQP376 _bG283 2013 |
| 080 | _a575.854:591.481.1 | ||
| 082 | 0 | 4 |
_a612.82 _223 |
| 100 | 1 | _aGavilán, Juan. | |
| 245 | 1 | 3 |
_aEl laberinto de la hominización : _bel origen del lenguaje en el proceso de formación de la mente / _cJuan Gavilán. |
| 264 | 1 |
_aMadrid : _bBiblioteca Nueva, _c2013. |
|
| 300 | _a1 recurso en línea (250 páginas) | ||
| 336 |
_atexto _btxt _2rdamedia/spa |
||
| 337 |
_acomputadora _bc _2rdamedia/spa |
||
| 338 |
_arecurso en línea _2rdacarrier/spa |
||
| 490 | 1 | _aBiblioteca Nueva universidad. Manuales y obras de referencia | |
| 504 | _aContiene bibliografía. | ||
| 588 | _aDescripción basada en metadatos suministrados por el editor y otras fuentes. | ||
| 590 | _aRecurso electrónico. Santa Fe, Arg.: elibro, 2020. Disponible vía World Wide Web. El acceso puede estar limitado para las bibliotecas afiliadas a elibro. | ||
| 650 | 0 |
_aBrain _xEvolution. |
|
| 650 | 0 | _aHuman evolution. | |
| 650 | 0 |
_aLanguage and languages _xOrigin. |
|
| 650 | 4 |
_aCerebro _xEvolución. |
|
| 650 | 4 | _aEvolución humana. | |
| 650 | 4 |
_aLenguaje _xOrigen. |
|
| 655 | 4 | _aLibros electrónicos. | |
| 797 | 2 | _aelibro, Corp. | |
| 830 | 0 | _aBiblioteca Nueva universidad. Manuales y obras de referencia. | |
| 856 | 4 | 0 | _uhttps://elibro.net/ereader/politecnicointernacional/111358 |
| 942 | _cLIBROS | ||
| 999 |
_c78088 _d78088 |
||